00622 2200229 4500001002100000005001500021035002000036007000300056008004100059020002200100082000800122084001400130100001800144245006800162260003500230300003700265650002900302700000900331520003000340990001100370990001100381INLIS00000000000460120191216091300 a0010-1219000053ta191216 g 0 ind  a978-602-1634-13-4 a904 a904 ARI k0 aARI, Subiakto1 aKronik Perang Dunia II: 1939-1945 /cAri Subiakto; editor, Mapa aYogyakarta :bMata Padi,c2015 aviii, 294 hlm. :bilus. ;c21 cm 4aSEJARAH. PERANG DUNIA II0 aMAPA aBibliografi: hlm. 291-294 a7303 a a7303 b